| 000 | 00703nam a22002057a 4500 | ||
|---|---|---|---|
| 003 | OSt | ||
| 005 | 20250731075346.0 | ||
| 008 | 250731b |||||||| |||| 00| 0 eng d | ||
| 020 | _a978-971-9925-02-6 | ||
| 040 |
_aDWCL-Main lib _cOC |
||
| 082 | _aFil. 657 V234b 2014 | ||
| 100 | _aValencia, Edwin G. | ||
| 245 |
_a Basic accounting : _bconcepts, principles, procedures and applications/ _cEdwin G. Valencia |
||
| 250 | _afourth edition. | ||
| 260 |
_aBaguio City, Phils. : _bValencia Educational Supply, _cc2014. |
||
| 300 |
_a 682 pages : _b illustrations ; _c 26 cm. |
||
| 504 | _aIncludes glossary | ||
| 650 | _a1. Accounting. | ||
| 942 |
_2ddc _cBK - FIL _efourth edition. _kFil. 657 V234b 2014 _n0 |
||
| 999 |
_c3926 _d3926 |
||